[Event "Monarch Assurance"]
[Site "Port Erin IOM"]
[Date "2004.09.30"]
[Round "6"]
[White "Plant,P"]
[Black "Groffen,H"]
[Result "1/2-1/2"]
[WhiteElo "2107"]
[BlackElo "2244"]

1.d4 d5 2.c4 c6 3.Nf3 Nf6 4.Nc3 a6 5.e3 b5 6.b3 Bg4 7.h3 Bxf3 8.gxf3 e6 9.c5 Nbd7
10.f4 Be7 11.Bd3 g6 12.Qc2 Nh5 13.Bd2 f5 14.O-O-O Qc7 15.Kb1 a5 16.Rc1 Nb8
17.Ne2 Bh4 18.Rcf1 b4 19.Rhg1 Qb7 20.f3 Na6 21.e4 Rf8 22.e5 Nc7 23.a4 bxa3
24.Ka2 Na6 25.Bxa5 Nb4+ 26.Bxb4 Qxb4 27.Rc1 Bf2 28.Rgd1 Be3 29.Qc3 Qxc3 30.Rxc3 Bxf4
31.b4 Rf7 32.b5 cxb5 33.Bxb5+ Kd8 34.Rdd3 Rb7 35.Rb3 Kc7 36.Rd1 Rab8 37.Rdb1 Bd2
38.Kxa3 f4 39.Ba6 Rxb3+ 40.Rxb3 Ng3 41.Rxb8 Kxb8 42.Kb3 Nf5 43.Bb5 Kc7 44.Be8 Nh4
45.Bf7 Kd7 46.Bg8 Nxf3 47.Bxh7 Nh4 48.Kc2 Be3 49.Kd3 g5 50.Bg8 Nf3 51.c6+ Kxc6
52.Bxe6 Ne1+ 53.Kc3 f3 54.Ng3 f2 55.Bg4 Bf4 56.Nf1 Ng2 57.Be2 Nh4 58.Bg4 Kc7
59.Kd3 Ng2 60.Ke2 Ne3 61.Kxf2 Nxf1 62.Kxf1  1/2-1/2

[Event "Premier League"]
[Site "Belgrade SCG"]
[Date "2004.10.01"]
[Round "7"]
[White "Mijatovic,D"]
[Black "Simic,R"]
[Result "1/2-1/2"]
[WhiteElo "2277"]
[BlackElo "2414"]

1.d4 d5 2.c4 c6 3.Nf3 Nf6 4.Nc3 a6 5.a4 e6 6.e3 c5 7.Bd3 Nc6 8.O-O Be7 9.dxc5 Bxc5
10.Qe2 O-O 11.e4 dxc4  1/2-1/2

[Event "Monarch Assurance"]
[Site "Port Erin IOM"]
[Date "2004.10.01"]
[Round "7"]
[White "Gordon,S"]
[Black "Hagesaether,A"]
[Result "1-0"]
[WhiteElo "2338"]
[BlackElo "2101"]

1.d4 d5 2.c4 c6 3.Nf3 Nf6 4.Nc3 a6 5.a4 a5 6.cxd5 Nxd5 7.e4 Nb4 8.Bc4 e6
9.Bg5 Be7 10.h4 Nd7 11.Qe2 h6 12.Bf4 Nf6 13.Rd1 O-O 14.Ne5 Nh7 15.h5 Bf6
16.O-O b6 17.d5 exd5 18.exd5 c5 19.d6 Bb7 20.Nb5 Bxe5 21.Bxe5 Qh4 22.Bg3 Qg5
23.Qe7 Bc6 24.Qxg5 hxg5 25.h6 Nf6 26.hxg7 Kxg7 27.Be5 Kg6 28.f4 Ng4 29.Rfe1 f6
30.f5+ Kxf5 31.Bc3 Bxb5 32.Bxb5 Ne5 33.d7 Ke6 34.Bc4+ Ke7 35.Bxe5 fxe5 36.Rxe5+ Kd8
37.Rxg5 Ra7 38.Bb5 Kc7 39.d8=Q+ Rxd8 40.Rg7+ Kc8 41.Rxd8+  1-0

[Event "FSGM October"]
[Site "Budapest HUN"]
[Date "2004.10.02"]
[Round "1"]
[White "Hoang Thanh Trang"]
[Black "Banusz,T"]
[Result "1-0"]
[WhiteElo "2455"]
[BlackElo "2389"]

1.d4 d5 2.c4 c6 3.Nc3 Nf6 4.Nf3 a6 5.Ne5 Nbd7 6.Bf4 dxc4 7.Nxc4 b5 8.Ne5 Bb7
9.e3 e6 10.Be2 c5 11.O-O cxd4 12.exd4 Bb4 13.a4 Bxc3 14.bxc3 Nd5 15.Qd2 Nxe5
16.Bxe5 f6 17.Bg3 Bc6 18.Bh5+ g6 19.Bg4 f5 20.Bf3 O-O 21.Be5 Qd7 22.h4 Nf6
23.Bxc6 Qxc6 24.axb5 Qxb5 25.Qa2 Qc6 26.c4 Qe4 27.c5 Nd5 28.h5 f4 29.Qb1 Qxb1
30.Rfxb1 Ra7 31.c6 Ne7 32.Rb7 Rfa8 33.Rxa7 Rxa7 34.c7 Ra8 35.Rb1 Rc8 36.hxg6 hxg6
37.Rb8 Kf7 38.Bd6  1-0

[Event "Monarch Assurance"]
[Site "Port Erin IOM"]
[Date "2004.10.02"]
[Round "8"]
[White "Rowson,J"]
[Black "Sarakauskas,G"]
[Result "1-0"]
[WhiteElo "2558"]
[BlackElo "2442"]

1.d4 d5 2.c4 c6 3.Nf3 Nf6 4.Nc3 a6 5.e3 b5 6.c5 g6 7.Bd2 a5 8.Ne5 Nfd7 9.f4 f6
10.Nf3 e5 11.f5 Bg7 12.g3 Nf8 13.Bh3 e4 14.Ng1 g5 15.g4 Qc7 16.Kf1 Qf7 17.Kg2 h5
18.gxh5 Qxh5 19.Bg4 Qf7 20.Nge2 Na6 21.Ng3 Kd8 22.Nce2 Nc7 23.h3 Nd7 24.Qe1 a4
25.Ba5 Bb7 26.b3 axb3 27.axb3 Kc8 28.Nc3 Bf8 29.Nge2 Be7 30.Qg3 Bd8 31.Ra2 Ne8
32.Bxd8 Rxa2 33.Nxa2 Kxd8 34.Nb4 Kc8 35.Nc3 Nb8 36.Ra1 Nc7 37.Be2 Qd7 38.Ra7 Nba6
39.Ncxd5 cxd5 40.c6 Bxc6 41.Nxa6 Nxa6 42.Rxd7 Kxd7 43.Qe1 Nc7 44.Qb4 Na6
45.Qa3 Nc7 46.Qc1 Ne8 47.Qc5 Nc7 48.h4 gxh4 49.Kh3 Na6 50.Qc1 Nc7 51.Qg1 Ne8
52.Qg6 Ke7 53.Bh5 Bd7 54.Qf7+ Kd6 55.Bg6 Kc6 56.Qe7 Nd6 57.Qxf6 Ra8 58.Kxh4 Ra3
59.Qf8 Rxb3 60.Qa8+ Kc7 61.Qxd5 Rc3 62.f6 Bc6 63.Qe5  1-0

[Event "Monarch Assurance"]
[Site "Port Erin IOM"]
[Date "2004.10.02"]
[Round "8"]
[White "Handke,F"]
[Black "Volkov,S1"]
[Result "1-0"]
[WhiteElo "2461"]
[BlackElo "2625"]

1.d4 d5 2.c4 c6 3.Nf3 Nf6 4.Nc3 a6 5.h3 e6 6.Bg5 h6 7.Bh4 g5 8.Bg3 Ne4 9.Be5 f6
10.Bxb8 Rxb8 11.e3 Qa5 12.Qb3 Bd6 13.Bd3 f5 14.g4 b5 15.cxd5 exd5 16.Rc1 Rf8
17.Bxe4 fxe4 18.Ne5 Bxe5 19.dxe5 Rb7 20.O-O Rc7 21.Rfd1 Qb6 22.Qb4 Qb7 23.Nxe4 c5
24.Nd6+ Kd7 25.Nxb7 cxb4 26.e6+  1-0

[Event "Monarch Assurance"]
[Site "Port Erin IOM"]
[Date "2004.10.03"]
[Round "9"]
[White "Korchnoi,V"]
[Black "Agrest,E"]
[Result "1/2-1/2"]
[WhiteElo "2568"]
[BlackElo "2602"]

1.d4 d5 2.c4 c6 3.Nf3 Nf6 4.Nc3 a6 5.c5 Nbd7 6.Bf4 Nh5 7.Bg5 h6 8.Be3 Nhf6
9.b4 a5 10.b5 e5 11.bxc6 bxc6 12.Nxe5 Nxe5 13.dxe5 Nd7 14.Na4 Nxe5 15.Bd4 Nd7
16.e3 Nf6 17.Nb6 Ra7 18.Qa4 Bb7 19.Bd3 Be7 20.O-O O-O 21.Rfd1 Qc7 22.Rab1 Ba6
23.Bxa6 Rxa6 24.Qc2 Ne4 25.Na4 Bf6 26.Rb6 Ra7 27.Bxf6 Nxf6 28.h3 Ne4 29.Rdb1 Rc8
30.Qb2 Qe7 31.Qd4 Qh4 32.R1b2 Qe7 33.Rc2 Ng5 34.Qg4 Ne6 35.Nb2 Rb7 36.Nd3 Qc7
37.Rcb2 Rcb8 38.Rxb7 Rxb7 39.Rxb7 Qxb7 40.Qd1 Qb5 41.Qb3 Kf8 42.Kf1 Ke7 43.Ke1 Kd8
44.Kd1 Kc7 45.Kc2 Kb7  1/2-1/2

[Event "YM"]
[Site "Winterthur SUI"]
[Date "2004.10.05"]
[Round "5"]
[White "Benkovic,P"]
[Black "Moor,O"]
[Result "1/2-1/2"]
[WhiteElo "2430"]
[BlackElo "2388"]

1.Nf3 d5 2.d4 Nf6 3.c4 c6 4.Nc3 a6 5.a4 e6 6.Bg5 Nbd7 7.cxd5 exd5 8.Qc2 Be7
9.e3 O-O 10.Bd3 Re8 11.O-O Nf8 12.h3 a5 13.Rae1 Ne4 14.Bxe7 Qxe7 15.Bxe4 dxe4
16.Nd2 f5 17.d5 Bd7 18.Qb3 Qb4 19.dxc6+ Qxb3 20.Nxb3 bxc6 21.Rd1 Re5 22.Rd2 Rb8
23.Nd4 Kf7 24.Rfd1 Ke7 25.Rc1 g6 26.h4 Rb6 27.Rdc2 Rc5 28.Nb1 Rxc2 29.Rxc2 Kd6
30.Na3 Ra6 31.Nc4+ Kc7 32.Kh2 Ne6 33.Ne5 Nxd4 34.exd4 Kd6 35.Rc5 Be6 36.Kg3 Bd5
37.Kf4 Rb6 38.Rxa5 Rxb2 39.Ke3 f4+ 40.Kxf4 Rxf2+ 41.Ke3 Rxg2 42.Ra7 Rh2 43.Rxh7 Rh3+
44.Kf4 e3 45.Rh6 e2 46.Rxg6+ Kc7 47.Rg1 Rxh4+ 48.Ke3 Re4+ 49.Kf2 Rxd4 50.Re1 Rxa4
51.Kxe2 Kd6 52.Kd2 Be4 53.Ng4 Kc5 54.Ne3 Rd4+ 55.Kc3 Rd3+ 56.Kb2 Rd2+ 57.Kc3 Rf2
58.Rg1 Kb5 59.Rg4  1/2-1/2

[Event "19th Open"]
[Site "Le Touquet FRA"]
[Date "2004.10.26"]
[Round "3"]
[White "Marzolo,C"]
[Black "Houdart,D"]
[Result "1-0"]
[WhiteElo "2437"]
[BlackElo "2236"]

1.d4 d5 2.Nf3 Nf6 3.c4 c6 4.Nc3 a6 5.c5 Nbd7 6.Bf4 Nh5 7.e3 Nxf4 8.exf4 g6
9.h4 Nf6 10.Ne5 h5 11.Bd3 Bh6 12.g3 Qa5 13.Qc2 Be6 14.O-O O-O 15.Rfe1 Bc8
16.Na4 Qc7 17.Nb6 Rb8 18.Re2 Rd8 19.Rae1 Ne4 20.Kg2 f6 21.Nxg6 Bf5 22.Nxe7+ Qxe7
23.f3 Qg7 24.fxe4 Bg4 25.exd5 Bxe2 26.Qxe2 cxd5 27.Qe6+ Kh8 28.Nxd5 Rg8 29.Qxf6 Rbd8
30.Qxg7+ Rxg7 31.Re6 Rxd5 32.Rxh6+  1-0

[Event "Open"]
[Site "Liberec CZE"]
[Date "2004.10.26"]
[Round "4"]
[White "Simecek,B"]
[Black "Ingason,S"]
[Result "1-0"]
[WhiteElo "2113"]
[BlackElo "1948"]

1.d4 d5 2.c4 c6 3.Nc3 Nf6 4.Nf3 a6 5.c5 g6 6.Bf4 Bg7 7.h3 O-O 8.e3 Nfd7 9.Be2 Re8
10.O-O e5 11.Bh2 f6 12.b4 exd4 13.exd4 Nf8 14.Qd2 Be6 15.a4 Nbd7 16.b5 axb5
17.axb5 Ra5 18.Qb2 Nb8 19.Rxa5 Qxa5 20.Ra1 Qd8 21.Ra7 Re7 22.Ra8  1-0

[Event "19th Open"]
[Site "Le Touquet FRA"]
[Date "2004.10.31"]
[Round "9"]
[White "Clery,N"]
[Black "Cioara,A"]
[Result "1/2-1/2"]
[WhiteElo "2325"]
[BlackElo "2387"]

1.d4 d5 2.c4 c6 3.Nf3 Nf6 4.Nc3 a6 5.e3 b5 6.b3 Bg4 7.Be2 e6 8.O-O Nbd7 9.h3 Bf5
10.c5 h6 11.Bb2 Qc7 12.b4 Be7 13.a4 O-O 14.Qb3 Ne4 15.Ra3 Bf6 16.Rfa1 Nxc3
17.Bxc3 Rab8 18.axb5 axb5 19.Qa2 Rb7 20.Ra6 Nb8 21.Ra7 Rxa7 22.Qxa7 Qxa7
23.Rxa7 Rc8 24.Bd1 Bd3 25.Nd2 Bc4 26.Nxc4 dxc4 27.f4 g6 28.Bf3 Kf8 29.Kf2 h5
30.g3 Ke8 31.e4 Nd7 32.Ke3 Kd8 33.g4 hxg4 34.hxg4 Bg7 35.Be1 Rc7 36.Ra8+ Rc8
37.Rxc8+ Kxc8 38.d5 e5 39.f5 Bh6+ 40.Ke2 Bf4 41.d6  1/2-1/2

[Event "8th OIBM"]
[Site "Bad Wiessee GER"]
[Date "2004.11.02"]
[Round "4"]
[White "Stimpel,F"]
[Black "Vysochin,S"]
[Result "1/2-1/2"]
[WhiteElo "2320"]
[BlackElo "2582"]

1.d4 d5 2.c4 c6 3.Nf3 Nf6 4.Nc3 a6 5.Ne5 e6 6.Bf4 dxc4 7.Nxc4 b5 8.Ne5 Bb7
9.e3 c5 10.dxc5 Qxd1+ 11.Rxd1 Bxc5 12.Be2 Nbd7 13.Nxd7 Nxd7 14.O-O Ke7 15.a3 Rhd8
16.b4 Ba7 17.a4 Rac8 18.Rc1 e5 19.Bg3 bxa4 20.Nxa4 f6 21.Rfd1 Rxc1 22.Rxc1 Rc8
23.Rxc8 Bxc8 24.Bd3 h6 25.Kf1 Bb7 26.Ke2 Bxg2 27.Bxa6 g5 28.f3 h5 29.Be1 g4
30.fxg4 hxg4 31.b5 f5 32.Bb4+ Kf6 33.Ba5 f4 34.Bd8+ Kg6 35.b6 Bb8 36.Bc8 Bf3+
37.Kf2 fxe3+ 38.Kxe3 Nxb6 39.Nxb6 e4 40.Bxg4  1/2-1/2

[Event "WYg14"]
[Site "Heraklio GRE"]
[Date "2004.11.05"]
[Round "2"]
[White "Harika,D"]
[Black "Butskhrikidze,A"]
[Result "1-0"]
[WhiteElo "2391"]
[BlackElo "2019"]

1.Nf3 d5 2.d4 Nf6 3.c4 c6 4.Nc3 a6 5.e3 b5 6.b3 Bg4 7.Be2 e6 8.O-O Bd6 9.Bb2 O-O
10.Ne5 Bxe2 11.Nxe2 Nfd7 12.f4 f6 13.Nf3 Qe7 14.Qc2 f5 15.a4 bxc4 16.bxc4 a5
17.c5 Bc7 18.Bc3 Na6 19.Nc1 Rfb8 20.Nd3 Qd8 21.Nf2 Nf6 22.Ne5 Bxe5 23.fxe5 Ne4
24.Nxe4 dxe4 25.Qd2 Nb4 26.Bxb4 Rxb4 27.Qa2 Qd5 28.Qxd5 cxd5 29.Rfb1 Kf8
30.Rxb4 axb4 31.a5 b3 32.Kf2 Ke8 33.a6 Kd7 34.Ra3 Kc6 35.Rxb3 Rxa6 36.h4 Kc7
37.h5 Ra7 38.Kg3 Ra6 39.Rb2 Rc6 40.Kf4 Ra6 41.Kg5 Rc6 42.h6 gxh6+ 43.Kxh6 Ra6
44.Kxh7 Ra3 45.Re2 Rd3 46.Kg6 Kd7 47.Kf7 f4 48.exf4 Rxd4 49.f5  1-0

[Event "WYg18"]
[Site "Heraklio GRE"]
[Date "2004.11.06"]
[Round "4"]
[White "Guseva,M"]
[Black "Mar,K"]
[Result "1-0"]
[WhiteElo "2289"]
[BlackElo "2122"]

1.d4 d5 2.c4 c6 3.Nf3 Nf6 4.Nc3 a6 5.c5 Nbd7 6.Bf4 e6 7.e3 Be7 8.h3 b5 9.b4 Bb7
10.a4 Qc8 11.Bd3 Bd8 12.O-O O-O 13.Bd6 Re8 14.Ne5 Be7 15.Bxe7 Rxe7 16.f4 bxa4
17.Rxa4 a5 18.b5 cxb5 19.Nxb5 Nb8 20.Nd6 Qc7 21.Nxb7 Qxb7 22.Qd2 Nc6 23.Nxc6 Qxc6
24.Rxa5 Rea7 25.Rxa7 Rxa7 26.Rb1 g6 27.Rb8+ Kg7 28.Qb4 h5 29.Rb6 Ra1+ 30.Bb1 Qa8
31.c6 Qa2 32.Rb8 Ne8 33.Kh2 Qe2 34.Rxe8 h4 35.Qf8+  1-0

[Event "EuCh-Internet KO"]
[Site "playchess.com INT"]
[Date "2004.11.07"]
[Round "1.1"]
[White "Gelfand,B"]
[Black "Kobalia,M"]
[Result "1-0"]
[WhiteElo "2693"]
[BlackElo "2621"]

1.d4 d5 2.c4 c6 3.Nf3 Nf6 4.Nc3 a6 5.c5 Nbd7 6.Bf4 Nh5 7.g3 b6 8.cxb6 Qxb6
9.Na4 Qb7 10.Bg2 e6 11.O-O c5 12.Rc1 Nxf4 13.gxf4 cxd4 14.Qxd4 Qb4 15.Rfd1 Qxd4
16.Nxd4 g6 17.e4 Bh6 18.exd5 Rb8 19.dxe6 fxe6 20.Nc6 Ra8 21.Na7  1-0

[Event "TCh-SWE Elitserien 2004-5"]
[Site "Skara SWE"]
[Date "2004.11.07"]
[Round "3"]
[White "Hallerod,R"]
[Black "Semcesen,D"]
[Result "0-1"]
[WhiteElo "2144"]
[BlackElo "2212"]

1.d4 Nf6 2.c4 c6 3.Nc3 d5 4.Nf3 a6 5.c5 Nbd7 6.Bf4 Nh5 7.Be3 Qc7 8.g3 g6
9.Qd2 Bg7 10.Bg2 e5 11.Nxe5 Nxe5 12.dxe5 Qxe5 13.Rd1 O-O 14.Bd4 Qe7 15.O-O Nf6
16.b4 Bf5 17.Qb2 Rfe8 18.Rfe1 Nh5 19.Bxg7 Nxg7 20.h3 h5 21.e4 dxe4 22.Nxe4 Bxe4
23.Rxe4 Rad8 24.Red4 h4 25.g4 Qf6 26.Qd2 Re1+ 27.Qxe1 Rxd4 28.Rxd4 Qxd4 29.a3 Ne6
30.Qe3 Kg7 31.Be4 Qxe3 32.fxe3 Kf6 33.Kf2 Ke5 34.Bg2 Nc7 35.Bf1 Nb5 36.Bc4 f6
37.a4 Nc3 38.Bb3 Nd5 39.b5 axb5 40.axb5 cxb5 41.Bc2 g5 42.Bf5 Nc3 43.Ke1 Kd5
44.Kd2 Na4 45.Bc8 Nxc5 46.Kc3 Ke4 47.Kb4 Nd3+ 48.Kxb5 Kxe3 49.Bxb7 Nf4 50.Kc5 Nxh3
51.Kd6 Nf2 52.Ke6 Kf4 53.Kxf6 h3  0-1

[Event "WYb16"]
[Site "Heraklio GRE"]
[Date "2004.11.10"]
[Round "8"]
[White "Rodshtein,M"]
[Black "Braun,A"]
[Result "1-0"]
[WhiteElo "2377"]
[BlackElo "2480"]

1.d4 d5 2.c4 c6 3.Nf3 Nf6 4.Nc3 a6 5.e3 e6 6.Be2 dxc4 7.Bxc4 b5 8.Bd3 Bb7
9.O-O Nbd7 10.a4 b4 11.Ne4 c5 12.Nxf6+ Nxf6 13.Qe2 Qb6 14.e4 cxd4 15.a5 Qa7
16.Rd1 Bc5 17.e5 Nd7 18.Bf4 h6 19.Rac1 O-O 20.Nd2 Bd5 21.Ne4 Rfc8 22.Qg4 Kf8
23.h4 Be7 24.Ng3 Rxc1 25.Rxc1 Nc5 26.Bh7 Nb3 27.Rd1 Qc7 28.Bxh6 Qc5 29.Nh5 Ke8
30.Bf4  1-0

[Event "WYg12"]
[Site "Heraklio GRE"]
[Date "2004.11.12"]
[Round "10"]
[White "Tsatsalashvili,K"]
[Black "Bulmaga,I"]
[Result "0-1"]
[WhiteElo "1936"]
[BlackElo "2028"]

1.d4 d5 2.c4 c6 3.Nf3 Nf6 4.Nc3 a6 5.c5 Nbd7 6.Bf4 Nh5 7.Bd2 Nhf6 8.h3 Qc7
9.e4 Nxe4 10.Nxe4 dxe4 11.Ng5 Nf6 12.Bc4 e6 13.O-O h6 14.Qc1 hxg5 15.Bxg5 Be7
16.Bf4 Qd8 17.Be5 Bd7 18.Qe3 b5 19.Bb3 a5 20.f3 a4 21.Bc2 Nd5 22.Qxe4 Bf6
23.Bd6 a3 24.Kh2 axb2 25.Rae1 Qa5 26.Be5 Bxe5+ 27.Qxe5 Qc7 28.Rb1 Qxe5+ 29.dxe5 Rxa2
30.Bb3 Ra5 31.Rxb2 Ke7 32.f4 Rha8 33.g4 Ra1 34.Rff2 Rc1 35.Bc2 Ne3 36.Be4 Nd1
37.Rf1 Nxb2 38.Rxc1 Ra4 39.Re1 Rc4 40.f5 exf5 41.gxf5 Rxc5 42.Bb1 Nc4 43.e6 fxe6
44.fxe6 Bxe6 45.Ba2 Re5 46.Ra1 Re3 47.Kg2 Ra3 48.Kg1 Na5 49.h4 Rxa2 50.Re1 b4
51.h5 b3 52.h6 gxh6 53.Kh1 b2 54.Rf1 Ra1  0-1

[Event "Tch-FIN 2004-5"]
[Site "Finland FIN"]
[Date "2004.11.14"]
[Round "5"]
[White "Tuominen,R"]
[Black "Karttunen,M"]
[Result "1-0"]
[WhiteElo "2258"]
[BlackElo "2414"]

1.d4 d5 2.c4 c6 3.Nf3 Nf6 4.Nc3 a6 5.a4 e6 6.Bg5 Nbd7 7.cxd5 exd5 8.e3 a5
9.Bd3 Be7 10.Qc2 h6 11.Bf4 Nh5 12.Be5 Bb4 13.O-O O-O 14.h3 Nxe5 15.Nxe5 Nf6
16.Rad1 Qe7 17.f4 Nd7 18.Rf3 Re8 19.Rdf1 Nf8 20.g4 Bd6 21.Kh1 Qh4 22.Qg2 Ne6
23.Rg3 Bxe5 24.dxe5 Nc5 25.Bb1 Ra6 26.Kh2 Nd7 27.g5 h5 28.g6 f6 29.e6 Nb6
30.f5 Qb4 31.Qe2 Nc4 32.Qxh5 Qxb2+ 33.Rg2 Qxc3 34.e7  1-0

[Event "It"]
[Site "Piestany SVK"]
[Date "2004.11.17"]
[Round "1"]
[White "Mrva,Mart"]
[Black "Schwarz,D"]
[Result "1-0"]
[WhiteElo "2507"]
[BlackElo "2271"]

1.Nf3 d5 2.d4 Nf6 3.c4 c6 4.Nc3 a6 5.e3 b5 6.c5 Nbd7 7.Qb3 Rb8 8.e4 b4 9.Nxd5 cxd5
10.e5 Ne4 11.Qxd5 Ndxc5 12.Qxd8+ Kxd8 13.dxc5 Nxc5 14.Ng5 Ke8 15.Be3 Na4
16.Rc1 Bd7 17.Bxa6 Nxb2 18.O-O h6 19.e6 fxe6 20.Nf3 Ra8 21.Be2 Rg8 22.Ne5 g6
23.Rc7 Ba4 24.Rfc1 Rd8 25.Rc8 Bd7 26.Rxd8+ Kxd8 27.Bb6+ Ke8 28.Rc8+  1-0

[Event "3rd Cup Russia Wom Final"]
[Site "Voronezh RUS"]
[Date "2004.11.17"]
[Round "5"]
[White "Guseva,O"]
[Black "Shaidullina,S"]
[Result "1/2-1/2"]
[WhiteElo "2232"]
[BlackElo "2308"]

1.d4 d5 2.Nf3 Nf6 3.c4 c6 4.Nc3 a6 5.c5 Nbd7 6.Bf4 Nh5 7.Be5 Nxe5 8.Nxe5 g6
9.e3 Bg7 10.f4 O-O 11.Be2 Bxe5 12.fxe5 Ng7 13.O-O f6 14.exf6 exf6 15.e4 dxe4
16.Bc4+ Kh8 17.Nxe4 Nf5 18.Qd2 Re8 19.Rae1 Kg7 20.d5 cxd5 21.Bxd5 Re5 22.Nc3 Qe7
23.Rxe5 fxe5 24.g4 Nh6 25.g5 Nf5 26.Ne4 Be6 27.Bxe6 Qxe6 28.Qb4 Qe7 29.Qb6 Rf8
30.Qf6+ Qxf6 31.gxf6+ Kg8 32.Rd1 Nd4 33.Kg2 h6 34.b4 Kf7 35.Nd6+ Kxf6 36.Rf1+ Nf5
37.Nxb7 Ke6 38.Rc1 Ne3+ 39.Kg1 Nd5 40.a3 Rf3 41.c6 Nc7 42.Rd1 Rxa3 43.Rd7 Nb5
44.Nc5+ Kf5 45.c7 Nxc7 46.Rxc7 Ra1+ 47.Kf2 Ra2+ 48.Ke3 g5 49.Rf7+ Kg4 50.Rf2 Ra1
51.Nd3 Kh3 52.Ke4 h5 53.Kxe5 Rd1 54.Ke4 h4 55.Ra2 Rf1 56.Ke3 Rg1 57.Nc5 Re1+
58.Kd4 Rd1+ 59.Ke4 Rb1 60.Nd3 Rf1 61.Ke5 Rf3 62.Ke4 Rf1 63.Ke5 Rf3 64.Nf2+ Kxh2
65.Ne4+ Kg1 66.Nxg5 Rb3 67.Ra4 h3 68.Nxh3+ Rxh3 69.Rxa6 Rh4 70.Rb6 Kf2 71.b5 Ke3
72.Kd5 Rh5+ 73.Kc6 Kd4 74.Rb8 Rh6+ 75.Kc7 Kc5  1/2-1/2

[Event "Acropolis IM Open"]
[Site "Athens GRE"]
[Date "2004.11.18"]
[Round "3"]
[White "Parginos,V"]
[Black "Skaperdas,K"]
[Result "0-1"]
[WhiteElo "2097"]
[BlackElo "2224"]

1.d4 d5 2.c4 c6 3.Nf3 Nf6 4.Nc3 a6 5.e3 b5 6.b3 Bg4 7.Qc2 Nbd7 8.Ne5 Nxe5
9.dxe5 Nd7 10.f4 e6 11.Bd3 Nc5 12.O-O Rc8 13.cxb5 cxb5 14.f5 d4 15.Rf4 dxc3
16.Rd4 Qh4 17.Qxc3 Qg5 18.h4 Qh5 19.b4 Be7 20.bxc5 Rxc5 21.Qe1 Bxh4 22.Qb4 Be7
23.Rd6 Bxd6 24.exd6 Rd5 25.d7+ Rxd7 26.Ba3 Qg5 27.Rc1 Rxd3 28.Rc8+ Rd8 29.Qc5 Bf3
30.Rxd8+ Kxd8 31.Qd6+ Kc8 32.Qc5+ Kb7  0-1

[Event "TCh-AUT"]
[Site "Graz AUT"]
[Date "2004.11.19"]
[Round "1"]
[White "Shchekachev,A"]
[Black "Bischoff,K"]
[Result "1/2-1/2"]
[WhiteElo "2546"]
[BlackElo "2559"]

1.Nf3 d5 2.d4 c6 3.c4 Nf6 4.Nc3 a6 5.c5 Nbd7 6.Bf4 Nh5 7.Bg5 h6 8.Be3 g6
9.g3 Bg7 10.Bg2 Nhf6 11.h3 a5 12.O-O O-O 13.Re1 Ne8 14.Qd2 Kh7 15.Bf4 Nc7
16.e4 dxe4 17.Rxe4 Nf6 18.Re2 Ncd5 19.Be5 Be6 20.Rae1 a4 21.g4 Kg8 22.Bh2 a3
23.Nxd5 Nxd5 24.b4 Ra4 25.Rb1 Qc8 26.Ne5 Bxe5 27.Bxe5 Kh7 28.Be4 Qd7 29.Bc2 Raa8
30.Rbe1 Rae8 31.f3 f6 32.Bg3 Bf7 33.Kg2 Kg7 34.Bb3 Rh8 35.h4 g5 36.h5 Rhf8
37.Bc2 Ra8 38.Bf5 Qd8 39.Be4 Re8 40.Bb1 Rh8 41.Bc2 Ra7 42.Kh2 b5 43.Be4  1/2-1/2

[Event "Acropolis IM Open"]
[Site "Athens GRE"]
[Date "2004.11.20"]
[Round "5"]
[White "Koliopoulos,K"]
[Black "Skaperdas,K"]
[Result "0-1"]
[WhiteElo "2149"]
[BlackElo "2224"]

1.d4 d5 2.c4 c6 3.Nf3 Nf6 4.Nc3 a6 5.a4 e6 6.Qb3 dxc4 7.Qxc4 b5 8.Qd3 Bb7
9.Bg5 Be7 10.e3 Nbd7 11.Be2 Rc8 12.O-O O-O 13.Rfc1 b4 14.Bxf6 gxf6 15.Ne4 c5
16.a5 Kh8 17.Nfd2 Rg8 18.Bf1 f5 19.Ng3 Bf6 20.Nc4 Qe7 21.d5 Ne5 22.Qd2 Bxd5
23.Nxe5 Bxe5 24.f4 Bf6 25.Bxa6 Rcd8 26.Qc2 Qa7 27.Qe2 Bh4 28.Bc4 Ba8 29.b3 Qe7
30.Qf2 Rg7 31.Be2 Rdg8 32.Bf3 Bxf3 33.Qxf3 Bxg3 34.hxg3 Rxg3 35.Qf2 Qa7 36.Qb2+ R3g7
37.Rc2 c4 38.bxc4 Qxe3+ 39.Rf2 h5 40.a6 Kh7 41.Kf1 Rg4 42.Qf6 Qa7 43.c5 h4
44.Ke2 R8g6 45.Qd4 e5 46.Qxb4 Rxa6 47.Rxa6 Qxa6+ 48.Ke1 Qa1+ 49.Ke2 exf4
50.Qb5 f3+ 51.gxf3 Qe5+ 52.Kf1 Rd4 53.Qb3 Rd7 54.c6 Re7 55.Qc4 Qg3 56.Qd3 Qh3+
57.Rg2 f6 58.Kf2 Kh6 59.Qd8 Re2+ 60.Kxe2 Qxg2+ 61.Ke3 Qg1+ 62.Ke2 Qg2+ 63.Ke3 f4+
64.Kd3 Qxf3+ 65.Kd4 Qd1+  0-1

[Event "Lushki A"]
[Site "Serpukhov RUS"]
[Date "2004.11.20"]
[Round "2"]
[White "Dudukin,Ilya"]
[Black "Komliakov,V"]
[Result "0-1"]
[WhiteElo "2431"]
[BlackElo "2434"]

1.Nf3 d5 2.d4 Nf6 3.c4 c6 4.Nc3 a6 5.a4 e6 6.g3 dxc4 7.Bg2 c5 8.O-O Nc6 9.Ne5 Na5
10.d5 Bd6 11.f4 O-O 12.e4 exd5 13.exd5 Rb8 14.g4 Nd7 15.Re1 Re8 16.Ne4 Nxe5
17.Nxd6 Bxg4 18.Qd2 Nb3 19.fxe5 Nxd2 20.Bxd2 Rf8 21.a5 f6 22.Nxc4 fxe5 23.Nxe5 Qh4
24.Nxg4 Qxg4 25.Re4 Qf5 26.Re2 Rbe8 27.Rxe8 Rxe8 28.Rf1 Qd3 29.Bc3 h5 30.Rf3 Re3
31.Rf2 h4 32.h3 Re2  0-1

[Event "Acropolis IM Open"]
[Site "Athens GRE"]
[Date "2004.11.21"]
[Round "6"]
[White "Gkogkas,D"]
[Black "Drakopoulos,A"]
[Result "1/2-1/2"]
[WhiteElo "2134"]
[BlackElo "2175"]

1.Nf3 d5 2.d4 Nf6 3.c4 c6 4.Nc3 a6 5.cxd5 cxd5 6.Bf4 Nc6 7.e3 Bf5 8.Be2 e6
9.O-O Bd6 10.Na4 Bxf4 11.exf4 O-O 12.Ne5 Nxe5 13.fxe5 Nd7 14.Qd2 b5 15.Nc5 Nb6
16.b3 Qe7 17.Rac1 Rfc8 18.Qa5 Qa7 19.Rc3 Nd7 20.Nxd7 Rxc3 21.Qxc3 Qxd7 22.Rc1 h6
23.Qc5 Qd8 24.Qc3 Qg5 25.Qe3 Qxe3 26.fxe3 b4 27.Kf1 a5 28.Ke1 a4 29.Bd1 axb3
30.Bxb3 Bd3 31.Kd2 Bc4 32.Bxc4 dxc4 33.Rxc4 Rxa2+ 34.Kd3 Rxg2 35.Rc8+ Kh7
36.e4 b3 37.d5 b2 38.Rb8 exd5 39.exd5 Rg1 40.Rxb2 Rd1+ 41.Ke4 f5+ 42.Kxf5 Rxd5
43.Ke6 Ra5 44.Re2 Kg6 45.Rg2+ Kh7 46.Re2 Kg6 47.Rg2+ Kh7 48.h4 Ra6+ 49.Kf7 Ra7+
50.Ke6 Ra6+  1/2-1/2

[Event "TCh-AUT"]
[Site "Graz AUT"]
[Date "2004.11.21"]
[Round "3"]
[White "Tabernig,B"]
[Black "Lendwai,R"]
[Result "0-1"]
[WhiteElo "2344"]
[BlackElo "2412"]

1.d4 d5 2.c4 c6 3.Nf3 Nf6 4.Nc3 a6 5.c5 Bf5 6.h3 e6 7.Qb3 Qc8 8.Bf4 Nbd7
9.e3 h6 10.Be2 Be7 11.O-O O-O 12.Na4 Re8 13.Rac1 Bd8 14.Ne5 Nxe5 15.Bxe5 Nd7
16.Bd6 Bc7 17.Bxc7 Qxc7 18.f4 Rab8 19.Nb6 Nf6 20.Bd3 Bxd3 21.Qxd3 Ne4 22.b4 f5
23.Rc2 Kh7 24.g4 Rg8 25.Rg2 Rbf8 26.g5 hxg5 27.fxg5 Kg6 28.h4 Rh8 29.Rf4 Rh5
30.Qd1 Rfh8 31.Qe1 Kf7 32.Na4 g6 33.Nb2 e5 34.dxe5 Qxe5 35.Nd3 Qc3 36.Qxc3 Nxc3
37.Rh2 Kg7 38.Kg2 Ne4 39.Nf2 Nxg5 40.Kg3 Ne6 41.Rf3 a5 42.a3 axb4 43.axb4 Ra8
44.Nd3 Ra3 45.Nf4 Nxf4 46.exf4 Rxf3+ 47.Kxf3 Kf6 48.b5 Rh7 49.Ra2 cxb5 50.Rb2 d4
51.Rxb5 Ke6 52.Rb6+ Kd5 53.Rxg6 Rxh4 54.Rg5 d3 55.Rxf5+ Kc4 56.c6 bxc6 57.Kf2 Rh2+
58.Ke1 Kd4 59.Rf6 c5 60.f5 c4 61.Rd6+ Kc3 62.f6 Rh5 63.Ra6 d2+ 64.Ke2 Re5+  0-1

[Event "Acropolis IM Open"]
[Site "Athens GRE"]
[Date "2004.11.22"]
[Round "7"]
[White "Angelopoulos,G"]
[Black "Drakopoulos,A"]
[Result "0-1"]
[WhiteElo "2104"]
[BlackElo "2175"]

1.d4 d5 2.c4 c6 3.Nf3 Nf6 4.Nc3 a6 5.e3 b5 6.b3 Bg4 7.h3 Bh5 8.Be2 e6 9.O-O Nbd7
10.cxd5 cxd5 11.Ne5 Bxe2 12.Nxe2 Bd6 13.Bb2 Qb8 14.Nxd7 Nxd7 15.Nc1 O-O 16.Nd3 Rc8
17.Qd2 b4 18.Rae1 Qb7 19.f3 Nf6 20.g4 Rc7 21.Re2 Rac8 22.Rc1 Rxc1+ 23.Nxc1 a5
24.Nd3 Qc6 25.Nf2 a4 26.bxa4 Qxa4 27.Bc1 Qa6 28.Nd3 Rc4 29.Rg2 Rc3 30.Ne1 g6
31.Bb2 Rc4 32.Bc1 Nd7 33.Qd1 Nb6 34.f4 Na4 35.Nd3 Nc3 36.Qd2 Ne4 37.Qd1 Rc3
38.Nf2 Nxf2 39.Rxf2 Qd3 40.Qd2 Qb1 41.Rf1  0-1

[Event "17th Belgrade Trophy"]
[Site "Obrenovac SCG"]
[Date "2004.11.22"]
[Round "1"]
[White "Mirkovic,St"]
[Black "Vujacic,Bo"]
[Result "1/2-1/2"]
[WhiteElo "2073"]
[BlackElo "2400"]

1.Nf3 d5 2.d4 Nf6 3.c4 c6 4.Nc3 a6 5.c5 Nbd7 6.Bf4 Nh5 7.e3 g6 8.Be2 Bg7
9.O-O O-O 10.Bg5 h6 11.Bh4 g5 12.Bg3 Nxg3 13.hxg3 f5 14.b4 e6 15.a4 g4 16.Ne1 e5
17.Nc2 h5 18.f4 exf4 19.exf4 h4 20.Qe1 hxg3 21.Qxg3 Nf6 22.Qd3 Be6 23.g3 Kf7
24.Kg2 Qd7 25.Rh1 Rh8 26.a5 Rad8 27.Na4 Ne4 28.Nb2 Rde8 29.Qe3 Qd8 30.Nd3 Rxh1
31.Rxh1 Rh8 32.Bf1 Rxh1 33.Kxh1 Bf6 34.Ne5+ Kg7 35.Kg1 Qh8 36.Bg2 Qd8 37.Bf1 Qe8
38.Bg2 Bc8 39.Bf1 Kf8 40.Qd3 Be6 41.Bg2 Kg7 42.Qe3 Bc8  1/2-1/2

[Event "Acropolis IM Open"]
[Site "Athens GRE"]
[Date "2004.11.23"]
[Round "8"]
[White "Stavrianakis,I"]
[Black "Svetushkin,D"]
[Result "0-1"]
[WhiteElo "2045"]
[BlackElo "2568"]

1.d4 d5 2.c4 c6 3.Nc3 Nf6 4.Nf3 a6 5.e3 b5 6.b3 Bg4 7.Be2 Nbd7 8.Bb2 e6 9.O-O Bd6
10.h3 Bh5 11.Ne5 Bxe2 12.Nxe2 Qc7 13.f4 Ne4 14.Nc3 Ndf6 15.Rc1 Qb7 16.cxd5 cxd5
17.Ng4 O-O 18.Nxe4 Nxe4 19.Nf2 Ng3 20.Re1 Bb4 21.Bc3 Ba3 22.Rc2 Rfc8 23.Kh2 Nf5
24.Qd3 Qc7 25.Ree2 Qe7 26.Nd1 Bd6 27.Be1 g5 28.g3 h5 29.Rg2 Qf6 30.Kg1 g4
31.h4 Qg6 32.Rxc8+ Rxc8 33.Rc2 Rxc2 34.Qxc2 Bf8 35.Qc1 Nd6 36.Nf2 Ne4 37.Nxe4 Qxe4
38.Bf2 Kg7 39.Kh2 Qd3 40.Kg2 Qe2 41.Qb1 Bb4 42.Kg1 Bc3 43.a4 b4 44.Qc1 Qd3
45.Qf1 Qxf1+ 46.Kxf1 Kg6 47.Ke2 Kf5 48.a5 Ke4 49.Bg1 f6 50.Bf2 e5 51.dxe5 fxe5
52.fxe5 Bxe5 53.Be1 Bd6 54.Bf2 Bc7 55.Be1 Bxa5 56.Bd2 Bb6 57.Bc1 Bc7 58.Bd2 Bxg3  0-1